El profesional (Registro nro. 35670)
[ vista simple ]
| 000 -CABECERA | |
|---|---|
| Longitud fija campo de control | 00725nam a2200253 c 4500 |
| 003 - • IDENTIFICADOR DELl NÚMERO DE CONTROL | |
| Identificador del número de control | CO-ViMGA |
| 005 - • FECHA Y HORA DE LA ÚLTIMA TRANSACCIÓN | |
| Fecha y hora de la última transacción | 20230915233138.0 |
| 008 - • CÓDIGOS DE INFORMACIÓN DE LONGITUD FIJA | |
| Códigos de información de longitud fija | 130314s2013 sp | |||| 000 f spa |
| 020 ## - • NÚMERO INTERNACIONAL NORMALIZADO PARA LIBROS | |
| Número Internacional Normalizado para Libros (ISBN) | 9788493856953 |
| 040 ## - FUENTE DE LA CATALOGACIÓN | |
| Centro catalogador de origen | CO-ViMGA |
| Lengua de catalogación | spa |
| Centro transcriptor | CO-ViMGA |
| 041 1# - • CÓDIGO DE LENGUA | |
| Código de lengua original | eng |
| 082 04 - • NÚMERO DE LA CLASIFICACIÓN DECIMAL DEWEY | |
| Número de clasificación (R) | 813.6 |
| Número del ítem | H24p |
| 100 1# - • PUNTO DE ACCESO PRINCIPAL-NOMBRE DE PERSONA | |
| Nombre de persona | Heinz, W. C. |
| 240 14 - • TÍTULO UNIFORME | |
| Título uniforme | <a href="The professional">The professional</a> |
| 245 13 - • TITULO PROPIAMENTE DICHO | |
| Título | El profesional |
| Mención de responsabilidad, etc. | W.C. Heinz ; traduccion de Ricardo Garcia Perez |
| 300 ## - • DESCRIPCIÓN FÍSICA | |
| Extensión | 381 p. |
| Dimensiones | 19 cm |
| 490 0# - • MENCIÓN DE SERIE | |
| Mención de serie | Narrativas Gallo Nero |
| Designación de volumen o secuencia | 15 |
| 650 14 - • PUNTO DE ACCESO ADICIONAL DE MATERIA - TÉRMINO DE MATERIA | |
| Término de materia o nombre geográfico como elemento inicial | Boxeo |
| Subdivisión de forma | Novela |
| 650 14 - • PUNTO DE ACCESO ADICIONAL DE MATERIA - TÉRMINO DE MATERIA | |
| Término de materia o nombre geográfico como elemento inicial | Novela estadounidense |
| 700 1# - • PUNTO DE ACCESO ADICIONAL - NOMBRE DE PERSONA | |
| Nombre de persona | Garcia Perez, Ricardo |
| Fechas asociadas al nombre | 1966- |
| 942 ## - ENTRADA DE ELEMENTOS AGREGADOS (KOHA) | |
| Fuente de clasificaión o esquema | Dewey Decimal Classification |
| Koha [por defecto] tipo de item | LIbro |
| Perdido | Fuente de clasificación o esquema | Estado Físico | No para préstamo | Forma de adquisición | Localización permanente | Localización actual | Fecha adquisición | Préstamos totales | Signatura completa | Código de barras | Fecha última consulta | Fecha último préstamo | Número de copia | Fecha del precio de reemplazo | Tipo de item de Koha |
|---|---|---|---|---|---|---|---|---|---|---|---|---|---|---|---|
| Dewey Decimal Classification | Sala General Segundo Piso | Biblioteca Pública Germán Arciniegas - Villavicencio | Biblioteca Pública Germán Arciniegas - Villavicencio | 08/24/2016 | 1 | 813.6 H24p | 30919 | 04/22/2022 | 04/08/2022 | Ej. 1 | 08/24/2016 | LIbro |